Lanean...

Biriyaniyum mattu kavithakalum/

Xehetasun bibliografikoak
Egile nagusia: Gopeekrishnan, P N
Hizkuntza:English
Argitaratua: Kottayam DC Books 2017
LEADER 00506 a2200157 4500
008 181220b xxu||||| |||| 00| 0 eng d
999 |c 187171  |d 187171 
020 |a 9789352821037 
041 |a MAL 
084 |2 cc  |a O32,1NGO66x 
100 |a Gopeekrishnan, P N 
245 |a Biriyaniyum mattu kavithakalum/ 
260 |b DC Books   |c 2017  |a Kottayam 
300 |a 102p. 
942 |c GEN 
952 |0 0  |1 0  |4 0  |6 O_321NGO66X_Q7  |7 0  |9 327185  |a LIB  |b LIB  |d 2018-02-26  |e 10  |g 66.50  |l 4  |o O32,1NGO66x Q7  |p 306920  |r 2020-01-10  |s 2020-01-06  |v 95.00  |y GEN